banner koha

Amazônia: uma proposta interdisciplinar de educação ambiental (Registro n. 299251)

MARC details
000 -LÍDER
Campo de controle fixo 01127nam a22003497a 4500
003 - CÓDIGO MARC DA AGÊNCIA CATALOGADORA
Campo de controle BR-BrBNA
005 - DATA E HORA DA ÚLTIMA ATUALIZAÇÃO
Campo de controle 20240421143910.0
008 - CAMPO DE TAMANHO FIXO
Campo fixo de controle 240421b bl.||||| |||| 00| 0 por d
020 ## - ISBN - INTERNATIONAL STANDARD BOOK NUMBER
ISBN 85-7300-001-5
040 ## - FONTE DA CATALOGAÇÃO
Agência catalogadora BR-BrBNA
Idioma da catalogação por
041 ## - CÓDIGO DO IDIOMA
Código do Idioma por
072 ## - CATEGORIA AGRIS
Código da categoria de assunto/objeto <a href="C10 ; P01">C10 ; P01</a>
090 ## - NÚMERO DE CHAMADA
Localização na estante C10 BR2024000866
100 0# - ENTRADA PRINCIPAL - NOME PESSOAL
Nome pessoal Oliveira, Elísio Márcio (ed.)
100 0# - ENTRADA PRINCIPAL - NOME PESSOAL
Nome pessoal Fonseca, Elizabete Lopes Pinheiro (ed.)
110 ## - ENTRADA PRINCIPAL - ENTIDADE
Nome da entidade ou lugar Instituto Brasileiro do Meio Ambiente e dos Recursos Naturais Renováveis, Brasília, DF (Brasil)
245 ## - TÍTULO PRINCIPAL
Título principal Amazônia: uma proposta interdisciplinar de educação ambiental
Subtítulo Documentos Metodológicos
260 ## - IMPRENTA (PUBLICAÇÃO, DISTRIBUIÇÃO, ETC.)
Lugar de publicação, distribuição, etc. Brasília, DF (Brasil)
Data de publicação, distribuição, etc 1994
300 ## - DESCRIÇÃO FÍSICA
Extensão 128 p.
Detalhes físicos adicionais il.
500 ## - NOTA GERAL
Notas gerais Includes several bibliographies; 16 tables
650 ## - ASSUNTO - THESAGRO
Cabeçalho tópico ou nome geográfico MEIO AMBIENTE
650 ## - ASSUNTO - THESAGRO
Cabeçalho tópico ou nome geográfico EDUCAÇÃO AMBIENTAL
650 ## - ASSUNTO - THESAGRO
Cabeçalho tópico ou nome geográfico POLÍTICA EDUCACIONAL
650 ## - ASSUNTO - THESAGRO
Cabeçalho tópico ou nome geográfico POLÍTICA AMBIENTAL
650 ## - ASSUNTO - THESAGRO
Cabeçalho tópico ou nome geográfico POLÍTICAS PÚBLICAS
650 ## - ASSUNTO - THESAGRO
Cabeçalho tópico ou nome geográfico CAPACITAÇÃO
650 ## - ASSUNTO - THESAGRO
Cabeçalho tópico ou nome geográfico DESENVOLVIMENTO SUSTENTÁVEL
650 ## - ASSUNTO - THESAGRO
Cabeçalho tópico ou nome geográfico LEGISLAÇÃO AMBIENTAL
650 ## - ASSUNTO - THESAGRO
Cabeçalho tópico ou nome geográfico AMAZÔNIA
909 ## - IDENTIFICAÇÃO DO CATALOGADOR
Ano e mês da catalogação (aaaamm) 202404
Identificação do catalogador Fernando
942 ## - TIPO ESPECÍFICO
Tipo de material Livros
952 ## - LOCATION AND ITEM INFORMATION (KOHA)
-- 2024-04-21
Exemplares
Status de empréstimo Fonte de classificação Status de danificação Não pode ser emprestado Código da coleção Localização permanente Localização atual Localização na estante Total Checkouts Número de chamada Código de barras Tipo de material
  Classificação AGRIS     Agrobase Biblioteca Nacional de Agricultura - Binagri Biblioteca Nacional de Agricultura - Binagri Agrobase - Acervo Geral   C10 BR2024000866 2024-7936 Livros

BINAGRI

Telefone: (61)3218-2567/2388/3357/2097 - binagri@agro.gov.br

Ministério da Agricultura e Pecuária , Esplanada dos Ministérios, Bloco D, Anexo B, Brasília/DF, CEP: 70.043-900